000 00437nam a2200181Ia 4500
001 10588
005 20260306161843.0
008 260306t1985||||xx |||||||||||||| ||spa||
041 _aESP
082 _a942.062
_bG91
100 _aGuizot, François
_eAUT
245 0 _aHistoria de la revolución de Inglaterra
260 _c1985
300 _a391 páginas :
_c20 cm.
650 _aGEN
654 _aCHU
942 _cLIB
_dJUS
_fJUS
_2ddc
_n
999 _c10588
_d10588